000 00382nam a2200157Ia 4500
008 230524s9999 xx 000 0 und d
082 _a5.133
_bRAF
100 _aMohamed Rafiquzzaman
245 0 _aModern Computer Architecture
250 _a1ST
260 _aNEW DELHI
_bGalgotia
_c2005
300 _aXII;963
500 _aQuantity Number: 1
650 _aComp-Sc
942 _cBK
999 _c36272
_d36272